000 00446nam a2200145Ia 4500
008 231129s2008||||xx |||||||||||||| ||spa||
020 _a958-631-508-1
040 _bspa
082 _a707 G643l
100 _aGonzález Juan David
245 0 _aLiteratura y artes plásticas
260 _c2008
264 _aBogotá Colombia : Universidad Santo Tomás. Educación Abierta y a Distancia
942 _2ddc
_cBKS
999 _c19344
_d19344